Svěřte případ Kallovi /

Hlavní autor: Lindgren, Astrid, 1907-2002
Další autoři: Disman, Miloslav, 1947-
Jazyk: Čeština
Vydáno: Praha : Albatros, 2002
Vydání: 2. vyd.
Témata:
Externí odkaz: Digitalizovaný dokument
Fyzický popis: 182 s. : il. ; 20 cm
Knihy
Uloženo v:
LEADER 01643nam a2200421 a 4500
001 000603389
003 CZ BrMZK
005 20060112141846.0
007 ta
008 020530c20021962xr b f cze d
015 |a cnb001123667 
020 |a 80-00-01063-1 
035 |a (OCoLC)51191046 
040 |a BOA001  |b cze 
041 1 |a cze  |h swe 
072 7 |a 821-93  |x Literatura pro děti a mládež (beletrie)  |2 Konspekt  |9 26 
072 7 |a 821.11  |x Germánské literatury  |2 Konspekt  |9 25 
080 |a 821-93  |2 MRF 
080 |a 821.113.6-31  |2 MRF 
080 |a (0:82-311.3)  |2 MRF 
080 |a (0:82-32)  |2 MRF 
100 1 |a Lindgren, Astrid,  |d 1907-2002  |7 jn19990005095  |4 aut 
245 1 0 |a Svěřte případ Kallovi /  |c Astrid Lindgrenová ; [ze švédského originálu přeložila Olga Štrosová ; ilustroval Miloslav Disman] 
250 |a 2. vyd. 
260 |a Praha :  |b Albatros,  |c 2002 
300 |a 182 s. :  |b il. ;  |c 20 cm 
500 |a Přeloženo ze švédštiny 
521 |a Pro čtenáře od 9 let 
500 |a Dostupné též v digitální podobě v aplikaci Kramerius 
655 7 |a švédské romány  |7 fd133923  |2 czenas 
655 7 |a dobrodružné romány  |7 fd132061  |2 czenas 
655 7 |a publikace pro děti  |7 fd133156  |2 czenas 
700 1 |a Disman, Miloslav,  |d 1947-  |7 jn19981000662 
765 0 |t Mästerdetektiven Blomkvist lever farligt  |9 Česky 
856 4 1 |u http://www.digitalniknihovna.cz/mzk/uuid/uuid:7ceac1e0-02ee-11e5-a8ce-005056827e52  |y Digitalizovaný dokument  |x NDK 
910 |a BOA001  |b 2-1103.582 
990 |a BK 
996 6 |b 2610161942  |c 2-1103.582  |l MZK  |r Sklad / do 1 hodiny  |n 4  |p p.v.  |w 000603389  |u 000010  |a 1  |e BOA001  |j MZK50  |s P